Table de 16 - Statistiques

Statistiques générales
  • Ce quiz a été pris 82 fois
  • Le résultat moyen est 17 sur 20
Statistiques - réponses
Hint Réponse % Correct
16 x 1 = 16
100%
16 x 2 = 32
100%
16 x 3 = 48
98%
16 x 5 = 80
96%
16 x 7 = 112
93%
16 x 8 = 128
93%
16 x 10 = 160
93%
16 x 4 = 64
93%
16 x 6 = 96
93%
16 x 9 = 144
91%
16 x 11 = 176
89%
16 x 12 = 192
84%
16 x 13 = 208
80%
16 x 14 = 224
78%
16 x 15 = 240
78%
16 x 16 = 256
78%
16 x 17 = 272
67%
16 x 20 = 320
67%
16 x 18 = 288
64%
16 x 19 = 304
64%
Aucun quiz correspondant
Distribution des résultats
% des personnes avec chaque résultat
Percentile par nombre de réponses
Votre historique - résultats
Vous n’avez pas pris ce quiz